Normal view
MARC view
Entry Personal Name
001 - CONTROL NUMBER
- control field: 1238158
003 - CONTROL NUMBER IDENTIFIER
- control field: OSt
005 - DATE AND TIME OF LATEST TRANSACTION
- control field: 20260430150652.0
008 - FIXED-LENGTH DATA ELEMENTS
- fixed length control field: 260430|| aca||aabn | a|a d
040 ## - CATALOGING SOURCE
- Original cataloging agency: OSt
- Transcribing agency: OSt
100 ## - HEADING--PERSONAL NAME
- Personal name: Sharma Monika Au.; Gupta Mridula Gu
670 ## - SOURCE DATA FOUND
- Source citation: Work cat.: (OSt)1850346: Sharma Monika Au.; Gupta Mridula Gu., Modeling Simulation and Reliability Analysis of Doping less TFET for Radiation Sensitive and Low Power Circuit Applications, 2023
